000171091 001__ 171091
000171091 005__ 20260506144057.0
000171091 0248_ $$2sideral$$a130404
000171091 037__ $$aART-2017-130404
000171091 041__ $$aspa
000171091 100__ $$0(orcid)0000-0001-7385-6772$$aMérida Donoso, J. A.$$uUniversidad de Zaragoza
000171091 245__ $$aUn momento para el silencio en medio del ruido del "mainstream"
000171091 260__ $$c2017
000171091 5203_ $$aTomando la obra de Aki Kaurismäki (La chica de la fábrica de cerillas, 1990) se analizan las posibilidades de una estética cinematográfica amparada en el silencio, y las posibilidades de este tipo de cine para hablar de una estética radical. En nuestros capitalistas días, en plena vorágine de los quehaceres ordinarios impuestos en nuestro día a día, es muy difícil - a veces imposible - encontrar momentos de silencio. Apostar por un cine sin concesiones, que no se pliega a las modas ni al discurso de lo evidente, en un mundo tan comercial como se muestra en el escaparate del cine actual, supone generar todo un cúmulo de reflexiones sobre una posición del cine de periferia, casi marginal y desde luego ausente en la gran mayoría del alumnado...
000171091 540__ $$9info:eu-repo/semantics/closedAccess$$aAll rights reserved$$uhttp://www.europeana.eu/rights/rr-f/
000171091 655_4 $$ainfo:eu-repo/semantics/article$$vinfo:eu-repo/semantics/publishedVersion
000171091 7102_ $$14006$$2210$$aUniversidad de Zaragoza$$bDpto. Didác.Leng.y CC.HH.y SS.$$cÁrea Didáctica Ciencias Socia.
000171091 773__ $$g127 (2017), 8-13$$pMaking of (Barc.)$$tMaking of (Barcelona)$$x1137-4926
000171091 85641 $$uhttp://www.centrocp.com/un-momento-para-el-silencio-en-medio-del-ruido-del-mainstream/$$zTexto completo de la revista
000171091 8564_ $$s357646$$uhttps://zaguan.unizar.es/record/171091/files/texto_completo.pdf$$yVersión publicada
000171091 8564_ $$s686649$$uhttps://zaguan.unizar.es/record/171091/files/texto_completo.jpg?subformat=icon$$xicon$$yVersión publicada
000171091 909CO $$ooai:zaguan.unizar.es:171091$$particulos$$pdriver
000171091 951__ $$a2026-05-06-13:58:24
000171091 980__ $$aARTICLE